| 000 | 00364nam a22001337a 4500 | ||
|---|---|---|---|
| 020 | _a9788177000528 | ||
| 040 | _cNUST | ||
| 082 | _a621.815 SIN | ||
| 100 |
_aSingh, V.P _940351 |
||
| 245 |
_aTheory of Mechanics: _b(IN SI UNITS) |
||
| 260 |
_aNew Delhi: _bEducational And Technical Publishers, _c2005. |
||
| 650 |
_aTheory of Mechanics _9114227 |
||
| 942 |
_2ddc _cBK |
||
| 999 |
_c595597 _d595597 |
||